Science Quiz

Random Science or Minefield Quiz

Avoid the 'M' Elements Quiz Stats

 Plays Quiz Updated Nov 30, 2016

Support Sporcle.
Go Orange.
Score 0/23 Timer 01:00
443 Plays Today
% Correct
N???
98.2%
O???
98%
R???
97.4%
E???
96%
G???
94.3%
I???
91.6%
C???
88.3%
D???
87.6%
A???
86.7%
Y???
84.9%
MINES???
84.3%
L???
83.5%
% Correct
B???
81%
H???
78.5%
X???
78.2%
S???
76.4%
T???
74.5%
U???
62.2%
P???
59.5%
Z???
54.2%
F???
50.7%
K???
44.5%
V???
44.2%

You're not logged in!

Compare scores with friends on all Sporcle quizzes.
OR
Log In

From the Vault

TV's Earliest Memories

by googlebird

As far as we know, all history before color TV was in black and white.
Remove Ads.
Support Sporcle.
Get the best of Sporcle when you Go Orange. This ad-free experience offers more features, more stats, and more fun while also helping to support Sporcle. Thank you for becoming a member.

Show Comments

Extras

Top Quizzes Today


Score Distribution

Your Account Isn't Verified!

In order to create a playlist on Sporcle, you need to verify the email address you used during registration. Go to your Sporcle Settings to finish the process.

Report this User

Report this user for behavior that violates our Community Guidelines.

Details: